<?xml version="1.0" encoding="UTF-8"?><?xml-stylesheet type="text/xsl" href="static/style.xsl"?><OAI-PMH xmlns="http://www.openarchives.org/OAI/2.0/" xmlns:xsi="http://www.w3.org/2001/XMLSchema-instance" xsi:schemaLocation="http://www.openarchives.org/OAI/2.0/ http://www.openarchives.org/OAI/2.0/OAI-PMH.xsd"><responseDate>2026-06-01T21:36:06Z</responseDate><request verb="GetRecord" identifier="oai:riuma.uma.es:10630/12598" metadataPrefix="marc">https://riuma.uma.es/rest/oai/request</request><GetRecord><record><header><identifier>oai:riuma.uma.es:10630/12598</identifier><datestamp>2026-02-03T12:06:40Z</datestamp><setSpec>com_10630_2254</setSpec><setSpec>col_10630_37959</setSpec></header><metadata><record xmlns="http://www.loc.gov/MARC21/slim" xmlns:dcterms="http://purl.org/dc/terms/" xmlns:doc="http://www.lyncode.com/xoai" xmlns:xsi="http://www.w3.org/2001/XMLSchema-instance" xsi:schemaLocation="http://www.loc.gov/MARC21/slim http://www.loc.gov/standards/marcxml/schema/MARC21slim.xsd">
   <leader>00925njm 22002777a 4500</leader>
   <datafield ind2=" " ind1=" " tag="042">
      <subfield code="a">dc</subfield>
   </datafield>
   <datafield ind2=" " ind1=" " tag="720">
      <subfield code="a">Martin, Javier</subfield>
      <subfield code="e">author</subfield>
   </datafield>
   <datafield ind2=" " ind1=" " tag="720">
      <subfield code="a">Argamasilla Ruiz, Manuel</subfield>
      <subfield code="e">author</subfield>
   </datafield>
   <datafield ind2=" " ind1=" " tag="720">
      <subfield code="a">Andreo-Navarro, Bartolomé</subfield>
      <subfield code="e">author</subfield>
   </datafield>
   <datafield ind2=" " ind1=" " tag="720">
      <subfield code="a">Martinez, Pedro</subfield>
      <subfield code="e">author</subfield>
   </datafield>
   <datafield ind2=" " ind1=" " tag="260">
      <subfield code="c">2016</subfield>
   </datafield>
   <datafield ind2=" " ind1=" " tag="520">
      <subfield code="a">La gestión del agua en zonas turístico-costeras de clima mediterráneo se presenta como un gran reto del siglo XXI. Se trata de áreas densamente pobladas y con grandes fluctuaciones estacionales en el número de habitantes y, por tanto, en la demanda de agua. La existencia en el subsistema de explotación I-3 (Costa del Sol Occidental) de recursos de agua de distinta procedencia (superficiales, subterráneos, etc.) convierte a este sistema de explotación en un ejemplo para el cálculo de diferentes índices de sequía a partir de distintos tipos de variables (climáticas, hidrogeológicas e hidrológicas). Se han utilizado dos índices, el índice estandarizado de precipitación (SPI) y el índice de estado (Ie). Los resultados obtenidos han variado en función del índice y de la variable analizada. Se ha observado un comportamiento menos oscilante, y por lo tanto más útil a la hora de identificar sequías a medio y largo plazo, en el caso del índice SPI para todas las variables, y del índice Ie aplicado a las series de piezometría y volumen almacenado en el embalse de La Concepción.</subfield>
   </datafield>
   <datafield ind1="8" ind2=" " tag="024">
      <subfield code="a">http://hdl.handle.net/10630/12598</subfield>
   </datafield>
   <datafield tag="653" ind2=" " ind1=" ">
      <subfield code="a">Sequía</subfield>
   </datafield>
   <datafield ind2="0" ind1="0" tag="245">
      <subfield code="a">Análisis preliminar de diferentes índices de sequía en el marco de la planificación hidrológica. El caso del sistema de explotación de la Costa del Sol occidental</subfield>
   </datafield>
</record>
</metadata></record></GetRecord></OAI-PMH>